<?xml version="1.0" encoding="UTF-8"?>
<record
    xmlns:xsi="http://www.w3.org/2001/XMLSchema-instance"
    xsi:schemaLocation="http://www.loc.gov/MARC21/slim http://www.loc.gov/standards/marcxml/schema/MARC21slim.xsd"
    xmlns="http://www.loc.gov/MARC21/slim">

  <leader>00758nam a22001577a 4500</leader>
  <controlfield tag="003">OSt</controlfield>
  <controlfield tag="005">20161025103028.0</controlfield>
  <controlfield tag="008">161025b        xxu||||| |||| 00| 0 eng d</controlfield>
  <datafield tag="040" ind1=" " ind2=" ">
    <subfield code="c">RUA</subfield>
  </datafield>
  <datafield tag="082" ind1=" " ind2=" ">
    <subfield code="a">AED CHE 2015 B500 Or.1</subfield>
  </datafield>
  <datafield tag="100" ind1=" " ind2=" ">
    <subfield code="9">10893</subfield>
    <subfield code="a">CHEA NARA; &#x1787;&#x17B6; &#x178E;&#x17B6;&#x179A;&#x17C9;&#x17B6;</subfield>
  </datafield>
  <datafield tag="245" ind1=" " ind2=" ">
    <subfield code="a">The economic efficiency of households'papaya production in thma kor commune, lvea aem distric, kandal province, &#x1794;&#x17D2;&#x179A;&#x179F;&#x17B7;&#x1791;&#x17D2;&#x1792;&#x1797;&#x17B6;&#x1796;&#x179F;&#x17C1;&#x178A;&#x17D2;&#x178B;&#x1780;&#x17B7;&#x1785;&#x17D2;&#x1785;&#x1793;&#x17C3;&#x1795;&#x179B;&#x17B7;&#x178F;&#x1780;&#x1798;&#x17D2;&#x1798;&#x178A;&#x17C6;&#x178E;&#x17B6;&#x17C6;&#x179B;&#x17D2;&#x17A0;&#x17BB;&#x1784;&#x1787;&#x17B6;&#x179B;&#x1780;&#x17D2;&#x1781;&#x178E;&#x17C8;&#x1782;&#x17D2;&#x179A;&#x17BD;&#x179F;&#x17B6;&#x179A; &#x1793;&#x17C5;&#x1783;&#x17BB;&#x17C6;&#x1790;&#x17D2;&#x1798;&#x1782;&#x179A; &#x179F;&#x17D2;&#x179A;&#x17BB;&#x1780;&#x179B;&#x17D2;&#x179C;&#x17B6;&#x17AF;&#x1798; &#x1781;&#x17C1;&#x178F;&#x17D2;&#x178F;&#x1780;&#x178E;&#x17D2;&#x178A;&#x17B6;&#x179B;</subfield>
  </datafield>
  <datafield tag="260" ind1=" " ind2=" ">
    <subfield code="a">RUA</subfield>
    <subfield code="b">CHE</subfield>
    <subfield code="c">2015</subfield>
  </datafield>
  <datafield tag="300" ind1=" " ind2=" ">
    <subfield code="a">xi,48p.</subfield>
    <subfield code="b">ill.</subfield>
    <subfield code="c">29cm.</subfield>
  </datafield>
  <datafield tag="942" ind1=" " ind2=" ">
    <subfield code="2">ddc</subfield>
    <subfield code="c">AED</subfield>
  </datafield>
  <datafield tag="999" ind1=" " ind2=" ">
    <subfield code="c">10488</subfield>
    <subfield code="d">10488</subfield>
  </datafield>
  <datafield tag="952" ind1=" " ind2=" ">
    <subfield code="0">0</subfield>
    <subfield code="1">0</subfield>
    <subfield code="2">ddc</subfield>
    <subfield code="4">0</subfield>
    <subfield code="6">AED_CHE_2015_000000000000000_B500_OR_1</subfield>
    <subfield code="7">0</subfield>
    <subfield code="9">53982</subfield>
    <subfield code="a">LBB</subfield>
    <subfield code="b">LBB</subfield>
    <subfield code="c">B500</subfield>
    <subfield code="d">2016-10-25</subfield>
    <subfield code="l">2</subfield>
    <subfield code="o">AED CHE 2015 B500 Or.1</subfield>
    <subfield code="p">A02397</subfield>
    <subfield code="r">2018-10-03</subfield>
    <subfield code="s">2018-08-01</subfield>
    <subfield code="w">2016-10-25</subfield>
    <subfield code="y">AED</subfield>
  </datafield>
  <datafield tag="952" ind1=" " ind2=" ">
    <subfield code="0">0</subfield>
    <subfield code="1">0</subfield>
    <subfield code="2">ddc</subfield>
    <subfield code="4">0</subfield>
    <subfield code="6">AED_CHE_2015_000000000000000_B500_OR_2</subfield>
    <subfield code="7">0</subfield>
    <subfield code="9">53983</subfield>
    <subfield code="a">LBB</subfield>
    <subfield code="b">LBB</subfield>
    <subfield code="c">B500</subfield>
    <subfield code="d">2016-10-25</subfield>
    <subfield code="o">AED CHE 2015 B500 Or.2</subfield>
    <subfield code="p">A02148</subfield>
    <subfield code="r">2016-10-25</subfield>
    <subfield code="w">2016-10-25</subfield>
    <subfield code="y">AED</subfield>
  </datafield>
  <datafield tag="952" ind1=" " ind2=" ">
    <subfield code="0">0</subfield>
    <subfield code="1">0</subfield>
    <subfield code="2">ddc</subfield>
    <subfield code="4">0</subfield>
    <subfield code="6">AED_CHE_2015_000000000000000_B500_OR_3</subfield>
    <subfield code="7">0</subfield>
    <subfield code="9">53984</subfield>
    <subfield code="a">LBB</subfield>
    <subfield code="b">LBB</subfield>
    <subfield code="c">B500</subfield>
    <subfield code="d">2016-10-25</subfield>
    <subfield code="o">AED CHE 2015 B500 Or.3</subfield>
    <subfield code="p">A01850</subfield>
    <subfield code="r">2016-10-25</subfield>
    <subfield code="w">2016-10-25</subfield>
    <subfield code="y">AED</subfield>
  </datafield>
  <datafield tag="952" ind1=" " ind2=" ">
    <subfield code="0">0</subfield>
    <subfield code="1">0</subfield>
    <subfield code="2">ddc</subfield>
    <subfield code="4">0</subfield>
    <subfield code="6">AED_CHE_2015_000000000000000_B500_OR_4</subfield>
    <subfield code="7">0</subfield>
    <subfield code="9">53985</subfield>
    <subfield code="a">LBB</subfield>
    <subfield code="b">LBB</subfield>
    <subfield code="c">B500</subfield>
    <subfield code="d">2016-10-25</subfield>
    <subfield code="l">4</subfield>
    <subfield code="o">AED CHE 2015 B500 Or.4</subfield>
    <subfield code="p">A02000</subfield>
    <subfield code="r">2019-11-02</subfield>
    <subfield code="s">2019-10-21</subfield>
    <subfield code="w">2016-10-25</subfield>
    <subfield code="y">AED</subfield>
  </datafield>
  <datafield tag="952" ind1=" " ind2=" ">
    <subfield code="0">0</subfield>
    <subfield code="1">0</subfield>
    <subfield code="2">ddc</subfield>
    <subfield code="4">0</subfield>
    <subfield code="6">AED_CHE_2015_000000000000000_B500_OR_5</subfield>
    <subfield code="7">0</subfield>
    <subfield code="9">53986</subfield>
    <subfield code="a">LBB</subfield>
    <subfield code="b">LBB</subfield>
    <subfield code="c">B500</subfield>
    <subfield code="d">2016-10-25</subfield>
    <subfield code="o">AED CHE 2015 B500 Or.5</subfield>
    <subfield code="p">A02768</subfield>
    <subfield code="r">2016-10-25</subfield>
    <subfield code="w">2016-10-25</subfield>
    <subfield code="y">AED</subfield>
  </datafield>
  <datafield tag="952" ind1=" " ind2=" ">
    <subfield code="0">0</subfield>
    <subfield code="1">0</subfield>
    <subfield code="2">ddc</subfield>
    <subfield code="4">0</subfield>
    <subfield code="6">AED_CHE_2015_000000000000000_B500_OR_6</subfield>
    <subfield code="7">0</subfield>
    <subfield code="9">53987</subfield>
    <subfield code="a">LBB</subfield>
    <subfield code="b">LBB</subfield>
    <subfield code="c">B500</subfield>
    <subfield code="d">2016-10-25</subfield>
    <subfield code="l">2</subfield>
    <subfield code="o">AED CHE 2015 B500 Or.6</subfield>
    <subfield code="p">A02735</subfield>
    <subfield code="r">2022-08-02</subfield>
    <subfield code="s">2022-07-27</subfield>
    <subfield code="w">2016-10-25</subfield>
    <subfield code="y">AED</subfield>
  </datafield>
  <datafield tag="952" ind1=" " ind2=" ">
    <subfield code="0">0</subfield>
    <subfield code="1">0</subfield>
    <subfield code="2">ddc</subfield>
    <subfield code="4">0</subfield>
    <subfield code="6">AED_CHE_2015_000000000000000_B500_OR_7</subfield>
    <subfield code="7">0</subfield>
    <subfield code="9">53988</subfield>
    <subfield code="a">LBB</subfield>
    <subfield code="b">LBB</subfield>
    <subfield code="c">B500</subfield>
    <subfield code="d">2016-10-25</subfield>
    <subfield code="l">3</subfield>
    <subfield code="o">AED CHE 2015 B500 Or.7</subfield>
    <subfield code="p">A02660</subfield>
    <subfield code="r">2022-03-04</subfield>
    <subfield code="s">2022-02-21</subfield>
    <subfield code="w">2016-10-25</subfield>
    <subfield code="y">AED</subfield>
  </datafield>
  <datafield tag="952" ind1=" " ind2=" ">
    <subfield code="0">0</subfield>
    <subfield code="1">0</subfield>
    <subfield code="2">ddc</subfield>
    <subfield code="4">0</subfield>
    <subfield code="6">AED_CHE_2015_000000000000000_B500_OR_8</subfield>
    <subfield code="7">0</subfield>
    <subfield code="9">54735</subfield>
    <subfield code="a">LBB</subfield>
    <subfield code="b">LBB</subfield>
    <subfield code="c">B500</subfield>
    <subfield code="d">2016-10-28</subfield>
    <subfield code="l">1</subfield>
    <subfield code="o">AED CHE 2015 B500 Or.8</subfield>
    <subfield code="p">RUA061980</subfield>
    <subfield code="r">2018-10-22</subfield>
    <subfield code="s">2018-10-05</subfield>
    <subfield code="w">2016-10-28</subfield>
    <subfield code="y">AED</subfield>
  </datafield>
  <datafield tag="952" ind1=" " ind2=" ">
    <subfield code="0">0</subfield>
    <subfield code="1">0</subfield>
    <subfield code="2">ddc</subfield>
    <subfield code="4">0</subfield>
    <subfield code="6">AED_CHE_2015_000000000000000_B545_OR_1</subfield>
    <subfield code="7">0</subfield>
    <subfield code="9">87956</subfield>
    <subfield code="a">LBB</subfield>
    <subfield code="b">LBB</subfield>
    <subfield code="c">B545</subfield>
    <subfield code="d">2021-12-13</subfield>
    <subfield code="o">AED CHE 2015 B545 Or.1</subfield>
    <subfield code="p">a065682</subfield>
    <subfield code="r">2021-12-13</subfield>
    <subfield code="w">2021-12-13</subfield>
    <subfield code="y">AED</subfield>
  </datafield>
</record>
